Statistics for OPEC Countries Quiz

Click here to take the quiz!

General Stats

  • This quiz has been taken 76,340 times
    (37,450 since last reset)
  • The average score is 8 of 13

Answer Stats

YearsCountry% Correct
1960–Saudi Arabia
98%
1960–Iran
95%
1960–Iraq
94%
1967–United Arab Emirates
88%
1960–Kuwait
85%
1960–Venezuela
75%
1962–Libya
62%
1969–Algeria
59%
1971–Nigeria
54%
2007–Angola
33%
2018–Republic of the Congo
32%
1975–1995, 2016–Gabon
21%
2017–Equatorial Guinea
19%

Score Distribution

Percentile by Number Answered

Percent of People with Each Score

Your Score History

You have not taken this quiz since the last reset